000 00310nam a22001097a 4500
999 _c4226
_d4226
008 250128b ||||| |||| 00| 0 eng d
020 _a9780857267108
082 _a567.91
100 _aBENTON,MICHAEL
_eMICHAEL BENTON
245 _aDISCOVERING DINOSAURS
_bFLYING MONSTERS
942 _2ddc
_h567.91